000 00634nam a22002297a 4500
003 IIN
005 20250428132734.0
008 250428b |||adf|| |||| 001 0 eng d
020 _a9788131266380
_c615.00
020 _aeISBN- 8131266397978
040 _aIIN
082 _a613.2
_bVEN
100 _aVenkatraman, Sreemathy
245 _aApplied Nutrition and Dietetics for Nurses
_bfor Semester II
_cSreemathy Venkatraman
250 _a2nd ed.
260 _aNew Delhi
_bElsevier
_c2023
300 _axxi, 255 p.
_bill.
500 _aIncludes Index
650 _aNutrition
_vApplied Nutrition
650 _aDietetics
942 _cBOOK
999 _c1755
_d1755